000 00716nam a2200193 i 4500
001 161617
003 ES-MaACL
005 20250831121039.0
008 041021s1869 xxuf |||| | eng d
100 1 _aPeirce, Bradford Kinney.
_9130937
245 1 2 _aA half century with juvenile delinquents, or The New York House of Refuge and its times /
_cby B.K. Peirce.
260 _aNew York :
_bD. Appleton and Company,
_c1869.
300 _a384 p., [12] h. láms.
650 0 4 _aDelincuencia juvenil.
_9135872
650 0 7 _aReformatorios-
_zEstados Unidos
_2
_9136814
740 4 2 _aThe New York House of Refuge and its times.
852 _aES-MaACL
_jD-204
_z- Enc. tela
_z. - Donativo Lastres
999 _c161617
_d161617